Statistiques concernant A quel club appartient cet entraîneur ? (Ligue 1)

Cliquez ici pour prendre le quiz!

Statistiques générales

  • Ce quiz a été pris 228 fois
  • Le résultat moyen est 15 sur 20

Statistiques - réponses

EntraîneurEn fonction depuisClub% Correct
Unai Emery2016Paris Saint-Germain
97%
Leonardo Jardim2014AS Monaco
94%
Bruno Génésio2015Olympique lyonnais
94%
Rudi Garcia2016Olympique de Marseille
93%
Pascal Dupraz2016Toulouse FC
92%
Lucien Favre2016OGC Nice
91%
Marcelo Bielsa2017Lille OSC
89%
Christian Gourcuff2016Stade rennais
88%
Michel Der Zakarian2017Montpellier HSC
80%
Stéphane Moulin2011Angers SCO
73%
Jocelyn Gourvennec2016Girondins de Bordeaux
73%
Thierry Laurey2016RC Strasbourg
73%
Patrice Garande2012SM Caen
65%
Olivier Dall'Oglio2012Dijon FCO
59%
Óscar García Junyent2017AS Saint-Etienne
58%
Philippe Hinschberger2015FC Metz
57%
Christophe Pélissier2015Amiens SC
55%
Antoine Kombouaré2016EA Guingamp
54%
Jean-Louis Garcia2016ES Troyes AC
40%
Claudio Ranieri2017FC Nantes
39%

Distribution des résultats

Percentile par nombre de réponses

% des personnes avec chaque résultat

Votre développement - résultats

Vous n’avez pas pris ce quiz